MARC details
| 000 -CABECERA |
| campo de control de longitud fija |
03219nam a2200565 a 4500 |
| 003 - IDENTIFICADOR DEL NÚMERO DE CONTROL |
| campo de control |
Mxchpua |
| 005 - FECHA Y HORA DE LA ÚLTIMA TRANSACCIÓN |
| campo de control |
20250506181822.0 |
| 007 - CAMPO FIJO DE DESCRIPCIÓN FÍSICA--INFORMACIÓN GENERAL |
| campo de control de longitud fija |
ta |
| 008 - DATOS DE LONGITUD FIJA--INFORMACIÓN GENERAL |
| campo de control de longitud fija |
250116s2023 mx bdo|fs|||| 001 0 spa d |
| 040 ## - FUENTE DE LA CATALOGACIÓN |
| Centro catalogador/agencia de origen |
mxchpua |
| 090 ## - LOCALMENTE ASIGNADO TIPO-LC NÚMERO DE CLASIFICACIÓN (OCLC); NÚMERO DE CLASIFICACIÓN LOCAL (RLIN) |
| Número de clasificación (OCLC) (R) ; Numero de clasificación, CALL (RLIN) (NR) |
T.C.932 |
| Número cutter local (OCLC) ; Número de libro/Signatura topográfica íntegra, CALL (RLIN) |
A43 IA |
| Año |
2023 |
| 245 1# - MENCIÓN DE TÍTULO |
| Título |
Reporte final de Introducción a la agroindustria en los estados de: |
| Resto del título |
México, Querétaro, Zacatecas y Jalisco / |
| Mención de responsabilidad, etc. |
coordinadores Alfredo Alavez Solorzano y María Ofelia Buendía González ; colaboradores Emmanuel Barrera Hernández... [y otros] |
| 260 ## - PUBLICACIÓN, DISTRIBUCIÓN, ETC. |
| Lugar de publicación, distribución, etc. |
Chapingo, México : |
| Nombre del editor, distribuidor, etc. |
El autor, |
| Fecha de publicación, distribución, etc. |
2023 |
| 300 ## - DESCRIPCIÓN FÍSICA |
| Extensión |
1 recurso en línea (292 páginas) : |
| Otras características físicas |
mapas, gráficas, diagramas, tablas, fotos |
| 336 ## - TIPO DE CONTENIDO |
| Fuente |
rdacontent |
| Término de tipo de contenido |
texto |
| Código de tipo de contenido |
txt |
| 337 ## - TIPO DE MEDIO |
| Fuente |
rdamedia |
| Nombre/término del tipo de medio |
computadora |
| Código del tipo de medio |
c |
| 338 ## - TIPO DE SOPORTE |
| Fuente |
rdacarrier |
| Nombre/término del tipo de soporte |
recurso en línea |
| Código del tipo de soporte |
cr |
| 500 ## - NOTA GENERAL |
| Nota general |
Grado 4° : Grupo 4<br/>Directorio: página 285 |
| 502 ## - NOTA DE TESIS |
| Nota de tesis |
Viaje de Estudios |
| Tipo de título |
(IA) -- |
| Nombre de la institución que otorga el título |
UACh. Departamento de Ingeniería Agroindustrial, |
| Año de obtención del título |
2023 |
| 504 ## - NOTA DE BIBLIOGRAFÍA, ETC. |
| Nota de bibliografía, etc. |
Bibliografía: páginas 288-292 |
| 505 00 - NOTA DE CONTENIDO CON FORMATO |
| Nota de contenido con formato |
Visitas: |
| Título |
1. Marca Tetitla --<br/>2. Chocolates Villa Tlaloc --<br/>3. Teotihuacanos --<br/>4. Chicome --<br/>5. Destilería Abasolo --<br/>6. Quesos Don Marcelo --<br/>7. Quesos Katy --<br/>8. Nuestra Rompepería --<br/>9. Nutri Sow --<br/>10. Viñedo "Tierra de Alonso" --<br/>11. Pollos Queretaro --<br/>12. Rastro TIF-412 --<br/>13. Cervecería "Cuatro Palos" --<br/>14. Leche Natulec --<br/>15. Inulina y miel de agave --<br/>16. Ingenio "San Francisco Ameca, S.A. de C.V." --<br/>17. Industrializadora Oleofinos, S.A. de C.V. --<br/>18. Chocolates Nueva Galicia --<br/>19. Viñedo Campo Real --<br/>20. Grupo Modelo --<br/>21. Deshidratadora Termosolar (INIFAP-Zacatecas) |
| 650 13 - PUNTO DE ACCESO ADICIONAL DE MATERIA--TÉRMINO DE MATERIA |
| Término de materia o nombre geográfico como elemento de entrada |
Industria de licores |
| 9 (RLIN) |
161687 |
| Subdivisión geográfica |
México |
| 650 13 - PUNTO DE ACCESO ADICIONAL DE MATERIA--TÉRMINO DE MATERIA |
| Término de materia o nombre geográfico como elemento de entrada |
Industria quesera |
| Subdivisión geográfica |
México |
| 9 (RLIN) |
155201 |
| 650 17 - PUNTO DE ACCESO ADICIONAL DE MATERIA--TÉRMINO DE MATERIA |
| Término de materia o nombre geográfico como elemento de entrada |
Industria lechera |
| Subdivisión geográfica |
México |
| 9 (RLIN) |
57847 |
| 650 13 - PUNTO DE ACCESO ADICIONAL DE MATERIA--TÉRMINO DE MATERIA |
| Término de materia o nombre geográfico como elemento de entrada |
Industria del cacao |
| Subdivisión geográfica |
México |
| 9 (RLIN) |
185308 |
| 650 13 - PUNTO DE ACCESO ADICIONAL DE MATERIA--TÉRMINO DE MATERIA |
| Término de materia o nombre geográfico como elemento de entrada |
Industria cervecera |
| Subdivisión geográfica |
México |
| 9 (RLIN) |
149284 |
| 650 13 - PUNTO DE ACCESO ADICIONAL DE MATERIA--TÉRMINO DE MATERIA |
| Término de materia o nombre geográfico como elemento de entrada |
Industria de la destilería |
| Subdivisión geográfica |
México |
| 9 (RLIN) |
150300 |
| 650 13 - PUNTO DE ACCESO ADICIONAL DE MATERIA--TÉRMINO DE MATERIA |
| Término de materia o nombre geográfico como elemento de entrada |
Industria del ganado y de la carne |
| Subdivisión geográfica |
México |
| 9 (RLIN) |
147829 |
| 650 13 - PUNTO DE ACCESO ADICIONAL DE MATERIA--TÉRMINO DE MATERIA |
| Término de materia o nombre geográfico como elemento de entrada |
Industria de la grasa y del aceite |
| Subdivisión geográfica |
México |
| 9 (RLIN) |
189835 |
| 650 13 - PUNTO DE ACCESO ADICIONAL DE MATERIA--TÉRMINO DE MATERIA |
| Término de materia o nombre geográfico como elemento de entrada |
Edulcorantes |
| Subdivisión general |
Industria y comercio |
| Subdivisión geográfica |
México |
| 9 (RLIN) |
155253 |
| 650 17 - PUNTO DE ACCESO ADICIONAL DE MATERIA--TÉRMINO DE MATERIA |
| Término de materia o nombre geográfico como elemento de entrada |
Industria azucarera |
| Subdivisión geográfica |
México |
| 9 (RLIN) |
57791 |
| 650 13 - PUNTO DE ACCESO ADICIONAL DE MATERIA--TÉRMINO DE MATERIA |
| Término de materia o nombre geográfico como elemento de entrada |
Industria alimentaria |
| Subdivisión geográfica |
México |
| 9 (RLIN) |
150299 |
| 650 13 - PUNTO DE ACCESO ADICIONAL DE MATERIA--TÉRMINO DE MATERIA |
| Término de materia o nombre geográfico como elemento de entrada |
Industria de productos hortícolas |
| Subdivisión geográfica |
México |
| 9 (RLIN) |
156980 |
| 650 1r - PUNTO DE ACCESO ADICIONAL DE MATERIA--TÉRMINO DE MATERIA |
| Término de materia o nombre geográfico como elemento de entrada |
Liquor industry |
| 9 (RLIN) |
176404 |
| 650 13 - PUNTO DE ACCESO ADICIONAL DE MATERIA--TÉRMINO DE MATERIA |
| Término de materia o nombre geográfico como elemento de entrada |
Cheese industry |
| Subdivisión geográfica |
Mexico |
| 9 (RLIN) |
155200 |
| 650 13 - PUNTO DE ACCESO ADICIONAL DE MATERIA--TÉRMINO DE MATERIA |
| Término de materia o nombre geográfico como elemento de entrada |
Dairy industry |
| Subdivisión geográfica |
Mexico |
| 9 (RLIN) |
152363 |
| 650 13 - PUNTO DE ACCESO ADICIONAL DE MATERIA--TÉRMINO DE MATERIA |
| Término de materia o nombre geográfico como elemento de entrada |
Cocoa industry |
| Subdivisión geográfica |
Mexico |
| 9 (RLIN) |
150788 |
| 650 13 - PUNTO DE ACCESO ADICIONAL DE MATERIA--TÉRMINO DE MATERIA |
| Término de materia o nombre geográfico como elemento de entrada |
Brewing industry |
| Subdivisión geográfica |
México |
| 9 (RLIN) |
149282 |
| 650 13 - PUNTO DE ACCESO ADICIONAL DE MATERIA--TÉRMINO DE MATERIA |
| Término de materia o nombre geográfico como elemento de entrada |
Distilling industry |
| Subdivisión geográfica |
Mexico |
| 9 (RLIN) |
150297 |
| 650 13 - PUNTO DE ACCESO ADICIONAL DE MATERIA--TÉRMINO DE MATERIA |
| Término de materia o nombre geográfico como elemento de entrada |
Livestock and meat industry |
| Subdivisión geográfica |
Mexico |
| 9 (RLIN) |
147830 |
| 650 13 - PUNTO DE ACCESO ADICIONAL DE MATERIA--TÉRMINO DE MATERIA |
| Término de materia o nombre geográfico como elemento de entrada |
Fats and oils industry |
| Subdivisión geográfica |
Mexico |
| 9 (RLIN) |
156440 |
| 650 10 - PUNTO DE ACCESO ADICIONAL DE MATERIA--TÉRMINO DE MATERIA |
| Término de materia o nombre geográfico como elemento de entrada |
Sweeteners |
| Subdivisión general |
Industry and trade |
| Subdivisión geográfica |
Mexico |
| 9 (RLIN) |
155254 |
| 650 13 - PUNTO DE ACCESO ADICIONAL DE MATERIA--TÉRMINO DE MATERIA |
| Subdivisión geográfica |
Mexico |
| 9 (RLIN) |
148429 |
| 650 13 - PUNTO DE ACCESO ADICIONAL DE MATERIA--TÉRMINO DE MATERIA |
| Término de materia o nombre geográfico como elemento de entrada |
Feed industry |
| Subdivisión geográfica |
Mexico |
| 9 (RLIN) |
150298 |
| 650 13 - PUNTO DE ACCESO ADICIONAL DE MATERIA--TÉRMINO DE MATERIA |
| Término de materia o nombre geográfico como elemento de entrada |
Horticultural products industry |
| Subdivisión geográfica |
Mexico |
| 9 (RLIN) |
151276 |
| 700 1# - PUNTO DE ACCESO ADICIONAL--NOMBRE DE PERSONA |
| Nombre de persona |
Alavez Solórzano, Alfredo |
| 9 (RLIN) |
185676 |
| Término indicativo de función/relación |
coordinador |
| 700 1# - PUNTO DE ACCESO ADICIONAL--NOMBRE DE PERSONA |
| Nombre de persona |
Buendía González, María Ofelia |
| 9 (RLIN) |
150532 |
| Término indicativo de función/relación |
coordinadora |
| 700 1# - PUNTO DE ACCESO ADICIONAL--NOMBRE DE PERSONA |
| Nombre de persona |
Barrera Hernández, Emmanuel |
| 9 (RLIN) |
189836 |
| Término indicativo de función/relación |
colaborador |
| 856 40 - LOCALIZACIÓN Y ACCESO ELECTRÓNICOS |
| Identificador Uniforme del Recurso |
<a href="http://10.13.5.2/ve/TC932_IA/TC932_IA_2023-REPORTE.pdf">http://10.13.5.2/ve/TC932_IA/TC932_IA_2023-REPORTE.pdf</a> |
| Texto de enlace |
DESCARGAR REPORTE |